| 000 | 00465nam a2200181Ia 4500 | ||
|---|---|---|---|
| 001 | 4929 | ||
| 005 | 20260306145830.0 | ||
| 008 | 260306t2001||||xx |||||||||||||| ||spa|| | ||
| 041 | _aESP | ||
| 082 |
_a331.89 _bR84 |
||
| 100 |
_aRosenbaum Rimolo, Jorge _eAUT |
||
| 245 | 0 | _aTendencias y contenidos de la negociación colectiva en el cono Sur de América Latina | |
| 260 | _c2001 | ||
| 300 |
_a _c |
||
| 650 | _aGEN | ||
| 654 | _aCAN | ||
| 942 |
_cLIB _dJUS _fJUS _2ddc _n |
||
| 999 |
_c4929 _d4929 |
||